| 000 | 00993nam a2200301 4500 | ||
|---|---|---|---|
| 003 | EC-UNACH | ||
| 005 | 20260311144154.0 | ||
| 006 | s||||gr|||| 00| 00 | ||
| 008 | 150116t9999 mx r gr 000 0 spa d | ||
| 020 | _a958817743 | ||
| 040 |
_aEC-UNACH _cEC-UNACH |
||
| 041 | _aspa | ||
| 082 | 0 | 4 |
_223 _a155.4 _bL009613 |
| 110 | _a Ediciones Gamma S.A. | ||
| 245 | _aInteligencias múltiples en los niños Lingüística y Lógica matemática | ||
| 250 | _aPrimera edición | ||
| 264 |
_aColombia _b Ediciones Gamma S.A. _c2007 |
||
| 300 | _a112 paginas | ||
| 505 | _a volumen 1-Corporal y relacional. -- volumen 2 Musical y espacial. -- volumen 3 Lingüística y lógica matemática | ||
| 650 | _a DESARROLLO DE LA INTELIGENCIA | ||
| 650 | _a INTELIGENCIA | ||
| 650 | _a PSICOLOGIA INFANTIL | ||
| 700 | _aRodríguez Betancur, Bernarda [autor] | ||
| 942 |
_2ddc _c1 |
||
| 999 | _c14385 | ||